000 01852nam a22003977a 4500
001 0009869
003 KOHA_MİRAKIL
005 20260207001725.0
007 ta
008 091027b2007 tu |||grd|||#0|||0|tur |
020 _a97589754376166
040 _aTR-BiSEU
_btur
_cTR-BiSEU
_erda
041 0 _atur
044 _ctu
050 _aQC5
_b.A98 2007
245 0 _aFizik terimleri sözlüğü/
_ceditörler M. Ali Avudukluoğlu, Şeref Turhan...[ve bşk.].
264 1 _aİstanbul :
_bÖtüken
_c2007
300 _a556 sayfa
336 _ametin
_btxt
_2rdacontent
337 _aaracısız
_bn
_2rdamedia
338 _acilt
_bnc
_2rdacarrier
490 1 _aYayın ;
_vnu.
490 1 _a676.
490 1 _aKültür Serisi ;
_v329.
500 _aKaynakça ve dizin var.
505 _aBütün bilimlerde kural ve teoriler alana ilişkin kavramların üzerine bina edilir. Konuyla ilgili kavramların bilinmemesi halinde çalışılan sahayı anlamak ve öğrenmek zorlaşır. Fizik söz konusu olduğunda bu zorluğu en çok yaşayanlar bilim dalıyla ilk kez yüzleşen lise ve dengi okul talebeleridir. Fizik Terimleri Sözlüğü, lise ve dengi okullarla üniversitelerdeki öğrenci, öğretmen ve öğretim üyelerinin ihtiyaçlarına cevap verecek nitelikte hazırlanmış, içinde 7709 terimin açıklaması bulunan temel bir başvuru kitabıdır. Ayrıca, bu terimlerin İngilizce, Almanca, Fransızca ve Osmanlıca karşılıkları da birer dizin halinde ilgilenenlerin dikkat ve istifadelerine sunulmuştur.
650 0 _aFizik--Sözlükler.
_924371
650 0 _aFizik--Terminoloji.
_924372
650 0 _aPhysics--Dictionaries.
_924373
650 0 _aPhysics--Therminology.
_924374
830 1 _aYayın ;
_vnu.
_91557
830 1 _a676.
_91797
830 1 _aKültür Serisi ;
_v329.
_96554
907 _aSözlük
942 _2lcc
_cBK
999 _c9841
_d9841